| 000 | 00358nam a2200133Ia 4500 | ||
|---|---|---|---|
| 008 | 240624s9999 xx 000 0 und d | ||
| 041 | _aeng | ||
| 082 | _a828 GUH | ||
| 100 | _aGUHA RAMACHANDRA | ||
| 245 | _aCORNER OF A FOREIGN FIELD THE INDIAN HISTORY OF A | ||
| 260 |
_c2014 _aNew Delhi _bPenguin |
||
| 300 | _axix, : 525 : p. : cm. ; 22 | ||
| 365 |
_cRS _b30 |
||
| 999 |
_c26816 _d26816 |
||